Design for Cognitive Bias /
Estudio sobre el diseño, teniendo en cuenta la inclinación, sesgo o preferencia de las personas en la toma de decisiones. Se dirige a diseñadores que se ocupan de ayudar a las personas a tomar decisiones en cualquier campo, desde cosas mundanas a cosas esenciales; si se capta la manera en que realme...
Salvato in:
| Autore principale: | |
|---|---|
| Natura: | Libro |
| Lingua: | inglese |
| Pubblicazione: |
Nueva York, EUA :
A Book Apart,
2020, c2020
|
| Serie: | (A Book Apart ;
33) |
| Soggetti: | |
| Tags: |
Nessun Tag, puoi essere il primo ad aggiungerne!!
|
MARC
| LEADER | 00000nam^a2200000^a^4500 | ||
|---|---|---|---|
| 001 | 000563449 | ||
| 005 | 20250521000000.0 | ||
| 009 | 20260526152850.884 | ||
| 020 | |a 978-1-937557-97-3 | ||
| 037 | |a Acervo ITESO - Biblioteca | ||
| 041 | |a ING | ||
| 082 | |a 153. 83 |b THO | ||
| 100 | |a Thomas, David Dylan |e (autor) | ||
| 245 | 1 | 0 | |a Design for Cognitive Bias / |c D.D. Thomas ; pról. de Yasmine Mustafa. |
| 264 | 4 | |a Nueva York, EUA : |b A Book Apart, |c 2020, c2020 | |
| 300 | |a 105 p. | ||
| 336 | |a texto |b txt |2 rdacontenido | ||
| 337 | |a sin mediación |b n |2 rdamedio | ||
| 338 | |a volumen |b nc |2 rdasoporte | ||
| 440 | 3 | |a (A Book Apart ; |v 33) | |
| 520 | |a Estudio sobre el diseño, teniendo en cuenta la inclinación, sesgo o preferencia de las personas en la toma de decisiones. Se dirige a diseñadores que se ocupan de ayudar a las personas a tomar decisiones en cualquier campo, desde cosas mundanas a cosas esenciales; si se capta la manera en que realmente las personas toman ediciones, los diseños deben ayudar y no estorbar. | ||
| 521 | |a Peticiones 2023 | ||
| 649 | |a XX | ||
| 650 | |a Toma de Decisiones - |x Teoría | ||
| 650 | |a Toma de Decisiones - |x Aspectos Psicológicos - |x Tema Principal | ||
| 650 | |a Diseño - |x Aspectos Psicológicos | ||
| 650 | |a Psicología Cognitiva | ||
| 910 | |a Fondo General | ||
| 920 | |a Impresos - Libros | ||
| 930 | |a Colección General | ||
| 905 | |a 101 | ||
| 901 | |a 0500394550 |b IT1 |c ACC |i C182599 |u 20250521 | ||
| 902 | |a https://opac.biblio.iteso.mx/vufind/Record/000563449 | ||